|
|
|
|
| LEADER |
00000cam a22000004a 4500 |
| 001 |
musev2_52142 |
| 003 |
MdBmJHUP |
| 005 |
20230905045549.0 |
| 006 |
m o d |
| 007 |
cr||||||||nn|n |
| 008 |
170313s2017 inu o 00 0 eng d |
| 010 |
|
|
|z 2017011694
|
| 020 |
|
|
|a 9780268101831
|
| 020 |
|
|
|z 9780268101848
|
| 020 |
|
|
|z 9780268101824
|
| 020 |
|
|
|z 9780268101817
|
| 035 |
|
|
|a (OCoLC)975998423
|
| 040 |
|
|
|a MdBmJHUP
|c MdBmJHUP
|
| 100 |
1 |
|
|a Rziha, John
|q (John Michael),
|e author.
|
| 245 |
1 |
4 |
|a The Christian Moral Life :
|b Directions for the Journey to Happiness /
|c John Rziha.
|
| 264 |
|
1 |
|a Notre Dame :
|b University of Notre Dame Press,
|c 2017.
|
| 264 |
|
3 |
|a Baltimore, Md. :
|b Project MUSE,
|c 2017
|
| 264 |
|
4 |
|c ©2017.
|
| 300 |
|
|
|a 1 online resource (368 pages).
|
| 336 |
|
|
|a text
|b txt
|2 rdacontent
|
| 337 |
|
|
|a computer
|b c
|2 rdamedia
|
| 338 |
|
|
|a online resource
|b cr
|2 rdacarrier
|
| 505 |
0 |
|
|a Cover; The Christian Moral Life; Title; Copyright; CONTENTS; Acknowledgments; Abbreviations and Translations; Introduction; PART I . MORAL THEOLOGY IN GENERAL; 1 In the Image of God; 2 The History of Human Nature; 3 Happiness: God's Goal for Humans; 4 Moral Methodology in the Bible; 5 The Individual Steps on the Journey: Human Actions; 6 The Transforming Power of Grace; 7 Law: Guidance to Proper Actions; 8 Virtue: Good Habits Perfecting the Natural Inclinations; 9 Guidance from the Holy Spirit; 10 Sin, Temptation, and Vice: The Road to Unhappiness; 11 Completing the Map to Happiness.
|
| 505 |
0 |
|
|a PART I I . THE INDIVIDUAL VIRTUES AND LAWS12 Faith: The First Virtue of the Moral Life; 13 Hope: Trust in God's Mercy; 14 Charity: Friendship with God; 15 Prudence: The Virtue of Making Good Decisions; 16 Justice: Part One; 17 Justice: Part Two; 18 Temperance: The Virtue of Enjoying Truly Good Things; 19 Fortitude: The Virtue of Striving for Truly Good Things; Conclusion; Notes; Bibliography; Index.
|
| 520 |
|
|
|a The Christian Moral Life is a handbook for moral theology that uses the theme of a journey to explain its key ethical concepts.
|
| 588 |
|
|
|a Description based on print version record.
|
| 650 |
|
7 |
|a Christian ethics
|x Catholic authors.
|2 fast
|0 (OCoLC)fst00859110
|
| 650 |
|
7 |
|a RELIGION
|x Christian Life
|x Spiritual Growth.
|2 bisacsh
|
| 650 |
|
7 |
|a RELIGION
|x Christian Theology
|x Ethics.
|2 bisacsh
|
| 650 |
|
6 |
|a Morale chretienne
|x Auteurs catholiques.
|
| 650 |
|
0 |
|a Christian ethics
|x Catholic authors.
|
| 655 |
|
7 |
|a Electronic books.
|2 local
|
| 710 |
2 |
|
|a Project Muse.
|e distributor
|
| 830 |
|
0 |
|a Book collections on Project MUSE.
|
| 856 |
4 |
0 |
|z Texto completo
|u https://projectmuse.uam.elogim.com/book/52142/
|
| 945 |
|
|
|a Project MUSE - Custom Collection
|
| 945 |
|
|
|a Project MUSE - 2017 Complete
|
| 945 |
|
|
|a Project MUSE - 2017 Philosophy and Religion
|